Αίγυπτος : οι θησαυροί

Αποθηκεύτηκε σε:
Λεπτομέρειες βιβλιογραφικής εγγραφής
Άλλοι συγγραφείς: Johns, Chris, 1951- (Επιμελητής έκδοσης)
Μορφή: Βιβλίο
Γλώσσα:Greek
English
Δημοσίευση: [Αθήνα] : 4π Ειδικές Εκδόσεις Α.Ε., c2009.
Σειρά:Αρχαίοι πολιτισμοί
Θέματα:
Ετικέτες: Προσθήκη ετικέτας
Δεν υπάρχουν, Καταχωρήστε ετικέτα πρώτοι!

MARC

LEADER 00000cam a2200000 i 4500
001 1/6263
008 100330s2009 gr | |||| |||| ||gre||
020 |a 9789604880072 
035 |l 10107450 
040 |a GR-MyUa  |b gre  |e AACR2 
041 1 |a gre  |h eng 
082 7 |a 932   |2 (22) 
245 0 0 |a Αίγυπτος :   |b οι θησαυροί /   |c [editor in chief Chris Johns] ; [μετάφραση Μαρία Μαυροματάκη].  
260 |a [Αθήνα] :   |b 4π Ειδικές Εκδόσεις Α.Ε.,   |c c2009.  
300 |a 159 σ. :   |b έγχρ. εικ. ;   |c 31 εκ. 
490 1 |a (Αρχαίοι πολιτισμοί) 
500 |a Διανέμεται δωρεάν με το τεύχος 2 (Φεβ. 2010) του περιοδικού National Geographic.  
650 0 0 |a Art, Egyptian. 
650 0 0 |a Excavations (Archaeology)  |z Egypt. 
651 0 |a Egypt  |x Antiquities. 
700 1 |a Johns, Chris,   |d 1951-  |e edt 
830 0 |a Αρχαίοι πολιτισμοί 
852 |a INST  |b CHIOS  |e 20111216  |h 932 ΑΙΓ  |p 005200031459  |q 005200031459  |t BK  |y 0 
852 |a INST  |b LESVOS  |e 20100331  |h 932 ΑΙΓ  |p 005100046925  |q 005100046925  |t BK  |y 0 
852 |a INST  |b SAMOS  |e 20110728  |h 932 ΑΙΓ  |p 005300032583  |q 005300032583  |t BK  |y 0 
852 |a INST  |b SYROS  |e 20100330  |h 932 ΑΙΓ  |p 005500007709  |q 005500007709  |t BK  |y 0 
901 |a BIBL3-2011-2 
901 |a BIBL5-2010-1 
901 |a BIBL1-2010-1 
901 |a BIBL2-2010-1 
970 |a Κοντού  |b Παρασκευή  |z 30/03/2010